<?xml version='1.0' encoding='UTF-8'?>
  <record xmlns="http://www.loc.gov/MARC21/slim">
    <leader>00000ctm a22000007i 4500</leader>
    <controlfield tag="001">on1056492187</controlfield>
    <controlfield tag="003">OCoLC</controlfield>
    <controlfield tag="005">20240210061653.1</controlfield>
    <controlfield tag="008">181011q16001740xb            000 0 lat d</controlfield>
    <datafield tag="040" ind1=" " ind2=" ">
      <subfield code="a">QGJ</subfield>
      <subfield code="b">eng</subfield>
      <subfield code="e">rda</subfield>
      <subfield code="c">QGJ</subfield>
      <subfield code="d">OCLCA</subfield>
      <subfield code="d">OCLCQ</subfield>
      <subfield code="d">OCLCO</subfield>
      <subfield code="d">OCLCL</subfield>
    </datafield>
    <datafield tag="035" ind1=" " ind2=" ">
      <subfield code="a">(OCoLC)1056492187</subfield>
    </datafield>
    <datafield tag="245" ind1="0" ind2="0">
      <subfield code="a">Epistolae autographae et apographae manu Pt. Burmanni et aliorum,</subfield>
      <subfield code="f">UBU Hs. 987 (Hs 7 A 20-21).</subfield>
    </datafield>
    <datafield tag="264" ind1=" " ind2="0">
      <subfield code="a">[Place of production not identified],</subfield>
      <subfield code="c">[between approximately 1600 and 1740]</subfield>
    </datafield>
    <datafield tag="300" ind1=" " ind2=" ">
      <subfield code="a">1 volume (267 leaves), 1 portfolio (9, 34 items) ;</subfield>
      <subfield code="c">35 cm</subfield>
    </datafield>
    <datafield tag="336" ind1=" " ind2=" ">
      <subfield code="a">text</subfield>
      <subfield code="b">txt</subfield>
      <subfield code="2">rdacontent</subfield>
    </datafield>
    <datafield tag="337" ind1=" " ind2=" ">
      <subfield code="a">unmediated</subfield>
      <subfield code="b">n</subfield>
      <subfield code="2">rdamedia</subfield>
    </datafield>
    <datafield tag="338" ind1=" " ind2=" ">
      <subfield code="a">volume</subfield>
      <subfield code="b">nc</subfield>
      <subfield code="2">rdacarrier</subfield>
    </datafield>
    <datafield tag="338" ind1=" " ind2=" ">
      <subfield code="a">sheet</subfield>
      <subfield code="b">nb</subfield>
      <subfield code="2">rdacarrier</subfield>
    </datafield>
    <datafield tag="340" ind1=" " ind2=" ">
      <subfield code="a">paper</subfield>
      <subfield code="2">rdamat</subfield>
    </datafield>
    <datafield tag="500" ind1=" " ind2=" ">
      <subfield code="a">Title from: P.A. Tiele, Catalogus codicum manu scriptorum Bibliothecae Universitatis Rheno-Trajectinae.</subfield>
    </datafield>
    <datafield tag="500" ind1=" " ind2=" ">
      <subfield code="a">Index available on reading room.</subfield>
    </datafield>
    <datafield tag="581" ind1=" " ind2=" ">
      <subfield code="a">P.A. Tiele, Catalogus codicum manu scriptorum Bibliothecae Universitatis Rheno-Trajectinae. I. Trajecti ad Rhenum / Hagae Comitis 1887. P. 237.</subfield>
    </datafield>
    <datafield tag="581" ind1=" " ind2=" ">
      <subfield code="a">A. Gerlo &amp; H.D.L. Vervliet, Inventaire de la correspondance de Juste Lipse 1565-1606. Antwerpen 1968. (vermelding van de brieven van en aan Justus Lipsius).</subfield>
    </datafield>
    <datafield tag="581" ind1=" " ind2=" ">
      <subfield code="a">Is. Casaubonus, Epistolae. LXXXII epistlis auctior et iuxta seriem temporum digesta cur. Joh. Georg. Graevio. Ed. secunda. Magdeburg 1656. p. xxx (uitgave van de brieven van Casaubonus aan Th. Canter).</subfield>
    </datafield>
    <datafield tag="581" ind1=" " ind2=" ">
      <subfield code="a">J.A. Gruys, The correspondence of Theodorus Canterus (Dirk Canter 1545-1616). An inventory. Nieuwkoop 1978. (= Bibliotheca bibliographica Neerlandica 9). p. xi, 14, 20, 22, 24, 29-30, 43, 45, 52.</subfield>
    </datafield>
    <datafield tag="581" ind1=" " ind2=" ">
      <subfield code="a">P.O. Kristeller, Iter Italicum. Accedunt alia itinera. A finding list of uncatalogued or incompletely catalogued humanistic manuscripts of the Renaissance in Italian and other libraries IV (alia itinera II): Great Britain to Spain. London etc. 1989. p. 382.</subfield>
    </datafield>
    <datafield tag="581" ind1=" " ind2=" ">
      <subfield code="a">Erycius Puteanus, ad Constantinum Hugenium et Danielem Heinsium ... epistolae. Lugduni Batavorum, 1647.</subfield>
    </datafield>
    <datafield tag="520" ind1="2" ind2=" ">
      <subfield code="a">Collection of letters, some original, other transcribed by Pieter Burman and others. The original letters were written between 1523 and approximately 1660 by different scholars, among them: Gottfried Jungermann, Isaac Casaubon, Justus Lipsius, Erycius Puteanus.</subfield>
    </datafield>
    <datafield tag="520" ind1="2" ind2=" ">
      <subfield code="a">Volume 1 (Hs 7 A 20) fol. 39-42, 67-136, 139, 215 contain a.o. 76 original letters by Erycius Puteanus, to Daniël Heinsius (73), Nicolaas Heinsius and an anonymus addressee, dated 1608-1645. 71 of the letters to Daniel Heinsius were published in: ErycI Pvteani v. cl. ad Constantinvm Hvgenivm, et Danielem Heinsivm, viros nobiliss. epistolæ. / Edente Marco Zverio Boxhornio. - Lvgd. Batav. : ex officina Francisci Hackii, 1647.</subfield>
    </datafield>
    <datafield tag="520" ind1="2" ind2=" ">
      <subfield code="a">Volume 2 (Hs 7 A 21) contain a.o. 26 letters by Gottfried Jungermann to Claudius Salmasius, dated 1606-1610.</subfield>
    </datafield>
    <datafield tag="524" ind1="8" ind2=" ">
      <subfield code="a">Cite as: Universiteitsbibliotheek Utrecht Hs. 987 (Hs 7 A 20-21)</subfield>
    </datafield>
    <datafield tag="700" ind1="1" ind2=" ">
      <subfield code="a">Burman, Pieter,</subfield>
      <subfield code="d">1668-1741,</subfield>
      <subfield code="e">scribe.</subfield>
      <subfield code="4">scr</subfield>
      <subfield code="1">https://id.oclc.org/worldcat/entity/E39PBJdx7hBQF3dctw4kvG3xXd</subfield>
    </datafield>
    <datafield tag="700" ind1="1" ind2=" ">
      <subfield code="a">Heinsius, Daniel,</subfield>
      <subfield code="d">1580-1655,</subfield>
      <subfield code="e">addressee.</subfield>
      <subfield code="4">rcp</subfield>
      <subfield code="1">https://id.oclc.org/worldcat/entity/E39PBJc7VrWG3XmPFbFJmhyyBP</subfield>
    </datafield>
    <datafield tag="700" ind1="1" ind2=" ">
      <subfield code="a">Scaliger, Joseph Juste,</subfield>
      <subfield code="d">1540-1609,</subfield>
      <subfield code="e">addressee.</subfield>
      <subfield code="4">rcp</subfield>
      <subfield code="1">https://id.oclc.org/worldcat/entity/E39PBJvmQPvjCwrxMrJQqckCcP</subfield>
    </datafield>
    <datafield tag="700" ind1="1" ind2=" ">
      <subfield code="a">Saumaise, Claude,</subfield>
      <subfield code="d">1588-1653,</subfield>
      <subfield code="e">addressee.</subfield>
      <subfield code="4">rcp</subfield>
      <subfield code="1">https://id.oclc.org/worldcat/entity/E39PBJkTckfcR8cCYfDCCFBF8C</subfield>
    </datafield>
    <datafield tag="700" ind1="1" ind2=" ">
      <subfield code="i">Container of (work):</subfield>
      <subfield code="a">Jungermann, Gottfried,</subfield>
      <subfield code="d">-1610.</subfield>
      <subfield code="t">Correspondence.</subfield>
      <subfield code="k">Selections.</subfield>
    </datafield>
    <datafield tag="700" ind1="1" ind2=" ">
      <subfield code="i">Container of (work):</subfield>
      <subfield code="a">Casaubon, Isaac,</subfield>
      <subfield code="d">1559-1614.</subfield>
      <subfield code="t">Correspondence.</subfield>
      <subfield code="k">Selections.</subfield>
    </datafield>
    <datafield tag="700" ind1="1" ind2=" ">
      <subfield code="i">Container of (work):</subfield>
      <subfield code="a">Lipsius, Justus,</subfield>
      <subfield code="d">1547-1606.</subfield>
      <subfield code="t">Correspondence.</subfield>
      <subfield code="k">Selections.</subfield>
    </datafield>
    <datafield tag="700" ind1="1" ind2=" ">
      <subfield code="i">Container of (work):</subfield>
      <subfield code="a">Puteanus, Erycius,</subfield>
      <subfield code="d">1574-1646.</subfield>
      <subfield code="t">Correspondence.</subfield>
    </datafield>
    <datafield tag="710" ind1="2" ind2=" ">
      <subfield code="a">Universiteit Utrecht.</subfield>
      <subfield code="b">Bibliotheek.</subfield>
      <subfield code="k">Manuscript</subfield>
      <subfield code="n">(Hs. 987 (Hs 7 A 20-21st))</subfield>
    </datafield>
    <datafield tag="758" ind1=" " ind2=" ">
      <subfield code="i">has work:</subfield>
      <subfield code="a">Epistolae autographae et apographae manu Pt. Burmanni et aliorum UBU Hs. 987 (Hs 7 A 20-21) (Text)</subfield>
      <subfield code="1">https://id.oclc.org/worldcat/entity/E39PCFCXYGmy6dTrDQwDfwx6mm</subfield>
      <subfield code="4">https://id.oclc.org/worldcat/ontology/hasWork</subfield>
    </datafield>
  </record>